00980nam a2200253 i 450000100060000000300090000600500170001500700030003200800410003502000180007608000120009410000290010624503460013525000120048126000370049330000220053049000290055260000140058170000260059570000220062170000210064383000290066485200330069319232ES-MaACL20230906152036.0t|020704s1996 ve ||||1| spa d a980-01-0727-4 a141.1311 aKrèamer, Hans Joachim.10aPlatón y los fundamentos de la metafísica b: ensayo sobre la teoría de los principios y sobre las doctrinas no escritas de Platón, con una recopilación de los documentos fundamentales, en edición bilingüe y bibliografía / cHans Krèamer ; traducción Angel J. Cappelletti, Alberto Rosales ; introducción Giovanni Reale. a1ª ed. aCaracas : bMonte Avila, c1996. a492 p. ; c23 cm.1 aPensamiento filosófico04aPlatón.1 aCappelletti, Angel J.1 aRosales, Alberto.1 aReale, Giovanni.0 aPensamiento filosófico aES-MaACLjL-25666 bR.131371